Crisis centroamericana y política de las super potencias. Capítulo 5
Guardat en:
| Autor principal: | |
|---|---|
| Format: | Text |
| Publicat: |
San José:
Alma Mater
|
| Etiquetes: |
Afegir etiqueta
Sense etiquetes, Sigues el primer a etiquetar aquest registre!
|
MARC
| LEADER | 00000 a a2200000 04500 | ||
|---|---|---|---|
| 001 | 25908 | ||
| 003 | |||
| 040 | |||
| 020 | |a 9977-440-10 | ||
| 090 | |a 174205 | ||
| 100 | |a Salazar Mora, Jorge Mario | ||
| 245 | |a Crisis centroamericana y política de las super potencias. Capítulo 5 | ||
| 260 | |a San José: |b Alma Mater | ||
| 300 | |a 127 p | ||
| 999 | |c 6606 |d 6606 | ||
